000
00326nam a2200145Ia 4500
100
_a
Gayakwad/R.A
250
_a
4
942
_c
BK
654
_a
op
245
_a
Op Amps and Linear Integrated Circuits
260
_b
Prentice Hall of India
_a
New Delhi
_c
2000
082
_a
621.3815
_b
GAY
300
_a
543
546
_a
ENGLISH
999
_c
18589
_d
18589